Geographie agricole du monde Pierre George

שמור ב:
מידע ביבליוגרפי
מחבר ראשי: George, Pierre
פורמט: ספר
שפה:Undetermined
יצא לאור: Paris Presses Universitaires de France 1975
נושאים:
תגים: הוספת תג
אין תגיות, היה/י הראשונ/ה לתייג את הרשומה!
Thư viện lưu trữ: Trung tâm Học liệu Trường Đại học Cần Thơ
LEADER 00535nam a2200181Ia 4500
001 CTU_68967
008 210402s9999 xx 000 0 und d
082 |a 333.76 
082 |b G347 
100 |a George, Pierre 
245 0 |a Geographie agricole du monde 
245 0 |b Pierre George 
260 |a Paris 
260 |b Presses Universitaires de France 
260 |c 1975 
650 |a Land capability for agriculture,Land uses, rural,Agricultural geography 
904 |i Minh 
980 |a Trung tâm Học liệu Trường Đại học Cần Thơ